| 000 | 00451cam a2200193ua 4500 | ||
|---|---|---|---|
| 020 | _c3.00 | ||
| 041 |
_ahin _h |
||
| 082 |
_a891.54 _bBOL/VE |
||
| 100 | _aBolton, Sarah K . | ||
| 245 |
_aVe saphal kaise huwe / _cSarah K Bolton. _hTextual Documents |
||
| 250 |
_a1 / _b. |
||
| 260 |
_a : _bHind Pocket Books Pvt Ltd. |
||
| 300 | _a148 ; . | ||
| 365 | _a3.00 | ||
| 504 | _a | ||
| 942 | _cBK | ||
| 999 |
_c8001 _d8001 |
||